Úttörők élete konferenciát tartottak a mozgalom szegedi vezetői
Elmentve itt :
| Dokumentumtípus: | Cikk |
|---|---|
| Megjelent: |
1973-02-22
|
| Sorozat: | Délmagyarország
63 No. 44 |
| Kulcsszavak: | Úttörőmozgalom Magyarország vezetői konferencia 1973, úttörőmozgalom |
| Online Access: | http://dmarchiv.bibl.u-szeged.hu/71787 |
| LEADER | 00504nab a2200145 i 4500 | ||
|---|---|---|---|
| 001 | delm71787 | ||
| 005 | 20180928082355.0 | ||
| 008 | 180928s1973 hu o 0|| hun d | ||
| 040 | |a SZTE Délmagyarország Archívum |b hun | ||
| 041 | |a hun | ||
| 245 | 0 | 0 | |a Úttörők élete |h [elektronikus dokumentum] : |b konferenciát tartottak a mozgalom szegedi vezetői |
| 260 | |c 1973-02-22 | ||
| 300 | |a 1 | ||
| 490 | 0 | |a Délmagyarország |v 63 No. 44 | |
| 695 | |a Úttörőmozgalom Magyarország vezetői konferencia 1973, úttörőmozgalom | ||